000 00491nam a2200169Ia 4500
008 240729s9999 xx 000 0 und d
022 _a2813-3935
245 0 _aFrontiers in Hematology
260 _aSwitzerland
260 _bFrontiers Media S.A.
650 _a Internal medicine
650 _a Neoplasms. Tumors. Oncology. Including cancer and carcinogens
650 _aMedicine
856 _uhttps://doaj.org/toc/7ef80052e42b4891af37fa63de96995f
942 _2ddc
942 _cDOAJEJ
999 _c72465
_d72465
945 _a1
_bMadushi Gamage
_c1
_dMadushi Gamage